Capitales les plus proches de Singapour - sprint d'une minute - Statistiques

Statistiques générales
  • Ce quiz a été pris 45 fois
  • Le résultat moyen est 8 sur 20
Statistiques - réponses
km capitale % Correct
4465 Pékin
86%
902 Jakarta
84%
309 Kuala Lumpur
74%
1426 Bangkok
70%
2198 Hanoï
63%
4142 New Delhi
60%
2391 Manille
56%
2881 Dacca
47%
3250 Taipei
47%
1855 Vientiane
47%
1296 Bandar Seri Begawan
40%
1142 Phnom Penh
40%
2652 Dili
35%
2210 Naypyidaw
30%
3530 Katmandou
21%
3274 Thimphou
19%
4813 Islamabad
12%
3380 Malé
12%
2720 Colombo
9%
3481 Ngerulmud
0%
Aucun quiz correspondant
Distribution des résultats
% des personnes avec chaque résultat
Percentile par nombre de réponses
Votre historique - résultats
Vous n’avez pas pris ce quiz